| 000 | 005690000a22001810004500 | ||
|---|---|---|---|
| 999 |
_c54169 _d54169 |
||
| 001 | 768714001 | ||
| 003 | CO-MdFUSB | ||
| 005 | 20170814105550.0 | ||
| 008 | 170814s2001 xxu||||| |||| 00| 0 eng d | ||
| 022 | _a0098-9444 | ||
| 040 |
_aCO-MdFUSB _bspa _cCO-MdFUSB _dCO-MdFUSB |
||
| 041 | _aeng | ||
| 245 | 1 | 0 |
_aDigs 2001 : _bget your hands dirty |
| 300 |
_aVolumen 27. Número 1 (2001), Páginas 46-61 _c28 cm. |
||
| 546 | _aTexto en inglés | ||
| 773 | 0 |
_tBiblical Archaeology Review _049395 _959470 _gVolumen 27. Número 1 (2001), Páginas 46-61 _qPágina 46 |
|
| 942 | _cANA | ||